00709cam a22002051 4500001001300000003000400013005001700017008004100034010001700075035001900092040001900111050001700130100003600147245005300183260005200236300002200288490007700310650004300387830007300430gs 54000247 DLC20260227111402.0790612s1953 sdub s000 0 eng  ags 54000247  a(OCoLC)5058455 aDLCcTxCMdDLC00aQE164.J2bB31 aBaker, Charles Laurence,d1887-10aGeology of southern Jackson County and vicinity. aVermillion,bUniversity of South Dakota,c1953. a14 p.bfold. map.1 aSouth Dakota. State Geological Survey. Report of investigations,vno. 73 0aGeologyzSouth DakotazJackson County. 0aReport of investigations (South Dakota Geological Survey) ;vno. 73.